| 000 | 02330cam a22006014i 4500 | ||
|---|---|---|---|
| 003 | PE-LiUPU | ||
| 005 | 20250731173049.0 | ||
| 008 | 161230s2017 miu rbd 001 0 eng | ||
| 020 | _a0801049695 | ||
| 020 | _a9780801049699 | ||
| 035 | _a(Sirsi) i9780801049699 | ||
| 035 | _a(OCoLC)961154752 | ||
| 040 |
_aDLC _bspa _erda _cDLC _dYDX _dOCLCO _dOCLCF _dOCLCQ _dEXC _dLNT _dYDX _dTLE _dGGB _dPE-LiUPU |
||
| 049 | _aPRUA | ||
| 050 | 0 | 0 |
_aBX8007 _b.D53 2017 |
| 082 | 0 | 0 |
_a284.103 _bD7 _223 |
| 245 | 0 | 0 |
_aDictionary of Luther and the Lutheran traditions / _cTimothy J. Wengert, editor general; Mark A. Granquist, Mary Jane Haemig, Robert Kolb, Mark C. Mattes, y Jonathan Strom, editores. |
| 264 | 1 |
_aGrand Rapids, Michigan : _bBaker Academic, a division of Baker Publishing Group, _c[2017] |
|
| 300 |
_axxv, 850 páginas ; _c27 centímetros |
||
| 336 |
_atext _2rdacontent |
||
| 337 |
_aunmediated _2rdamedia |
||
| 338 |
_avolume _2rdacarrier |
||
| 504 | _aBibliografía : páginas | ||
| 504 | _aÍndice : páginas 821-850. | ||
| 505 | _aContributors -- Abbvreviations -- Introduction -- Dictionary Entries -- List of entries -- Name index -- Subject index. | ||
| 526 | _aSEG42 | ||
| 526 | _aSEG41 | ||
| 526 | _aSEG40 | ||
| 526 | _aSEG39 | ||
| 526 | _aP94 | ||
| 526 | _aP87 | ||
| 526 | _aP86 | ||
| 526 | _aP85 | ||
| 526 | _aP77 | ||
| 526 | _aP76 | ||
| 526 | _aP35 | ||
| 600 | 1 | 0 |
_aLuther, Martin, _d1483-1546 _vDictionaries. |
| 650 | 0 |
_aLutheran Church _vDictionaries. |
|
| 650 | 7 | _aIglesia Luterana. | |
| 700 | 1 |
_aGranquist, Mark Alan, _d1957- , _eeditor. |
|
| 700 | 1 |
_aHaemig, Mary Jane, _eeditor. |
|
| 700 | 1 |
_aKolb, Robert, _d1941- , _eeditor. |
|
| 700 | 1 |
_aMattes, Mark C., _eeditor. |
|
| 700 | 1 |
_aStrom, Jonathan, _eeditor. |
|
| 700 | 1 |
_aWengert, Timothy J., _eeditor. |
|
| 910 |
_adbm _bebj _cebj _d20180104 |
||
| 942 |
_2ddc _cBOOK |
||
| 949 |
_a284.103 D7 _wDEWEY _c1 _i77864 _lCATALOGING _mBUL _p20.50 _r0 _sY _tBOOK _u2018-01-04 _xPOSGRADO _PP85 _0DONACION _o.STAFF. Colección Teología. |
||
| 994 |
_aC0 _bPEPRU |
||
| 596 | _a1 | ||
| 999 |
_a284.103 D7 _wDEWEY _c26560 _i77864 _d26560 _f2021-11-11 _g4 _lCCODEBUL1 _mBUL _p20.50 _q2 _r0 _sY _tBOOK _u2018-1-4 _xTEOLOGIA _PP85 _0DONACION _o.STAFF. Colección Teología. |
||
| 980 |
_81 _gALBERTO SANCHEZ Responsable de Automatización |
||